Language Quiz

Random Language or Letter Quiz

Words Within Words 'E' Blitz Quiz Stats

 Plays Quiz Updated Dec 1, 2018

Score 0/30 Timer 01:30
6 Plays Today
% Correct
merge
92.7%
quip
92.1%
valuation
91.4%
scape
91.3%
bony
91.2%
motion
90.4%
go
89.6%
lapse
89.6%
squire
89.4%
at
89.4%
rode
88.8%
vent
88%
we
88%
state
87.2%
on
86.9%
% Correct
very
83.8%
quality
83.1%
mission
82.6%
late
82.3%
licit
81.7%
strange
81.3%
lector
80.6%
spouse
76.5%
vocation
73.7%
thane
67.7%
migrant
65.5%
numerable
58.1%
version
33.1%
land
32.3%
king
23.9%

You're not logged in!

Compare scores with friends on all Sporcle quizzes.
OR
Log In

You Might Also Like...

Show Comments

Extras

Top Quizzes Today


Score Distribution

Your Account Isn't Verified!

In order to create a playlist on Sporcle, you need to verify the email address you used during registration. Go to your Sporcle Settings to finish the process.

Report this User

Report this user for behavior that violates our Community Guidelines.

Details: